000 01007nam a22002537a 4500
001 46355
003 UA-OsUOA
005 20260310181221.0
007 ta
008 20120213b un ||||| |||| 00| 0 ukr d
040 _aUA-OsUOA
_bukr
_cUA-OsUOA
_dUA-OsUOA
041 _aukr
080 _a94(477).152
090 _a94(477).152
_bН64
100 _aНиколяк Д.
_924373
245 _aКороткий історичний нарис Українського Народного Дому в Торонто (з нагоди 35-літньої праці Товариства)
_cопрацював Дм. А. Николяк
260 _aТоронто
_c1953
_bНакладом Українського Народного Дому
300 _a37 с.
650 7 _a94(477).152 Українці в США, Канаді, Австралії
_2UDC
_923076
942 _cBR
_2udc
955 _a1
999 _c426469
_d426469